000 00456nam a2200169Ia 4500
999 _c9344
_d9344
020 _a9789384767877
082 _a320.011 RAI-R
100 _aRoy, Ghanshyam
245 0 _aRajniti ke badalte ayam
260 _aPatna
_bJanaki Prakashan
_c2017
300 _axxvi, 419p
650 _aBhartiya rajniti me kshetriyabad
650 _aChunav sudhar
_vBhartiya chunav pranali
650 _aRajniti evam bharstachar
650 _aRajniti evam samaj
942 _cBK